00623nam a2200193Ia 4500008004100000020001800041082001500059100004400074245003200118250000800150260004400158300002300202500001900225600001500244650001500259942000700274952013100281999001700412240925s9999 xx 000 0 und d a9780324313185 a657.45 KNE aKnechel, W. Robert; Salterio, Steven E. 0aAuditing Assurance and Risk a3rd aLondon:bThomas Nelson and Sonsc,2007. a500p.b0fOriginal aIncludes Index aManagement aAccounting cBK 001040708SSaUITUbUITUd2018-11-23eShahid Book Centerg625.00l0o657.45 KNEpQ11980r2024-09-25 07:16:16w2024-09-25yBK c14479d14479